World Capitals Containing the Letter K - Statistics

General Stats
  • This quiz has been taken 3,107 times
    2,680 since last reset
  • The average score is 29 of 34
Answer Stats
Continent Capital % Correct
North America Kingston
93%
North America Kingstown
93%
Asia Kabul
90%
Asia Kathmandu
90%
Africa Kinshasa
90%
Europe Kyiv
90%
Africa Kigali
89%
Asia Kuala Lumpur
89%
Asia Bishkek
88%
Africa Khartoum
88%
Africa Kampala
87%
Asia Kuwait City
87%
Europe Reykjavik
87%
Europe Stockholm
87%
Asia Ankara
86%
Asia Tashkent
86%
Asia Baku
85%
Asia Bangkok
85%
Europe Helsinki
85%
Europe Skopje
85%
Asia Jakarta
84%
Africa Dakar
82%
Europe Minsk
82%
Asia Tokyo
82%
Asia Dhaka
80%
Africa Windhoek
80%
Asia Sri Jayawardenepura Kotte
79%
Africa Bamako
78%
Africa Lusaka
78%
Oceania Nuku'alofa
78%
Oceania Palikir
77%
Africa Nouakchott
75%
Africa Conakry
74%
Africa Yamoussoukro
74%
No matching quizzes found
Score Distribution
Percent of People with Each Score
Percentile by Number Answered
Your Score History
You have not taken this quiz since the last reset